[Event "Recklinghausen"]
[Site "Recklinghausen"]
[Date "1998.08.31"]
[Round "7"]
[White "Alterman, Boris"]
[Black "Stefanova, Antoaneta"]
[Result "1-0"]
[WhiteElo "2615"]
[BlackElo "2480"]
[Annotator "Ribli,Z"]
[PlyCount "125"]
[EventDate "1998.07.25"]
[EventType "tourn"]
[EventRounds "9"]
[EventCountry "GER"]
[EventCategory "12"]
[SourceTitle "CBM 067"]
[Source "ChessBase"]
[SourceDate "1998.11.30"]
[SourceVersion "2"]
[SourceVersionDate "1998.11.01"]
[SourceQuality "1"]

{[%mdl 4096]} 1. c4 {Hecht} b6 {Die junge bulgarische Spielerin wählt eine
seltene Eröffnung.Der Zug 1...b6 ist nach 1.c4 besser als nach 1.d4 oder 1.e4.
Ribli.} 2. Nc3 Bb7 3. e4 e6 4. Nf3 Bb4 5. Qc2 (5. Bd3 Ne7 6. Ne2 $5 {Chernin}
f5 7. Ng3 Ng6 8. O-O f4 9. Ne2 O-O 10. Bb1 Be7 $5 11. d4 c5 12. Bd2 Qc7 13. b3
Nc6 14. Bc3 e5 15. dxe5 Ncxe5 16. Nxe5 Nxe5 17. f3 Ng6 18. Qd2 d6 19. Bc2 Rad8
$11 {1/2-1/2 Agrest,E-Zvjaginsev,V/Kazan1997  (53)}) (5. Qb3 Na6 6. d3 f5) 5...
Ne7 {Der Springer steht auf e7 gut, Schwarz kann später ...f7-f5 ziehen.} (5...
f5 6. exf5 Bxf3 7. gxf3 Nf6 8. fxe6 O-O 9. d4 dxe6 10. Be3 c5 11. O-O-O $1 cxd4
12. Bxd4 Qe7 13. Ne4 e5 14. Be3 Nc6 15. Nxf6+ gxf6 16. Qe4 Qc7 17. Qg4+ {
1-0 Cekro,E-Arapovic,V/Sarajevo 1981 (17)}) 6. d4 {Schwarz besitzt großen
Raumvorteil im Zentrum, aber Schwarz mischt auf den wichtigsten Feldern mit.} (
6. a3 Bxc3 7. dxc3 O-O 8. h4 d6 9. Ng5 Nd7 10. Be3 Nf6 11. f3 a5 12. O-O-O e5
13. g4 a4 14. h5 Nd7 15. Bh3 h6 16. Ne6 fxe6 17. g5 hxg5 18. Bxe6+ Kh8 19. Bxg5
Nc5 20. Bf5 Bc8 21. Bg6 Ne6 22. Be3 Nf4 23. Qh2 Ng8 {0-1 Blanco Sing,
I-Arenciba,W/Carlos Torre mem, Merida MEX 1997 (34)}) 6... O-O (6... d5 $2 7.
cxd5 Bxc3+ 8. bxc3 exd5 9. e5 h6 10. Bd3 O-O 11. Qe2 Qc8 12. Ba3 c5 13. dxc5
bxc5 14. Rb1 Nd7 15. O-O Nb6 16. Qe3 d4 17. cxd4 cxd4 18. Nxd4 Qg4 19. f3 Ned5
20. Qe4 Qxe4 21. fxe4 Ne3 22. Rf3 Rfd8 23. Bd6 Ng4 24. Nf5 {1-0 Meier,J-Drazga,
M/NRW-II 1987 (26)}) (6... Bxc3+ 7. bxc3 d6 8. Bd3 Nd7 9. O-O e5 10. a4 Nc6 11.
Rb1 O-O 12. Bg5 Qe8 13. Be3 Nf6 14. Rfe1 Na5 15. c5 Bc6 16. Ra1 Bd7 17. cxd6
cxd6 18. Bg5 Qe6 19. Ba6 h6 20. Bh4 Nh5 21. Qd1 g5 22. Nd2 Qg4 23. Bg3 Qxd1 24.
Rexd1 Nxg3 25. hxg3 Bc8 $13 {0-1 Beim,V-Lempert,I/Berlin 1993 (61)}) 7. Bd3 f5
{Eine typische Fortsetzung in solchen Stellungen. Schwarz öffnet die f-Linie
und die Diagonale a8-h1.} 8. O-O Na6 (8... Bxc3 9. bxc3 fxe4 10. Bxe4 Bxe4 11.
Qxe4 Nbc6 12. d5 $14 (12. Ba3 $14)) 9. Ne2 {[%csl Rb4] Dieser Zug ist gegen
den Läufer b4 gerichtet, denn Schwarz kann jetzt nicht mehr mit ...Bxc3
tauschen.} fxe4 (9... Qe8 $5 10. a3 (10. c5 fxe4 11. Bxe4 Bxe4 12. Qxe4 bxc5
$15) 10... fxe4 11. Bxe4 Bxe4 12. Qxe4 Bd6) 10. Bxe4 Bxe4 11. Qxe4 $14 {
[%csl Ra6,Rb4] Weiß hat Raumvorteil und die schwarzen Figuren, besonders der
Springer auf a6 und der Läufer b4 stehen schlecht.} Bd6 12. Bg5 {[%cal Gg5d8]}
(12. Ng5 Ng6) 12... Qe8 13. Rad1 c6 {Schwarz bereitet ...Na6-c7 vor.} (13...
Qg6 $5 14. Qxg6 Nxg6 $11) (13... h6 14. Bf4 Bxf4 15. Nxf4 Qf7 $11) 14. Ne5 {
[%csl Ge5] Die weißen Figuren koordinieren besser, aber es gibt noch nichts
Konkretes.} b5 $5 (14... Bxe5 15. dxe5 {[%csl Yd6,Ge5][%cal Gd1d7]}) 15. b3 (
15. cxb5 cxb5 16. Nc3 Nc7 $11) 15... bxc4 16. bxc4 Rb8 {[%cal Gf8f1,Gb8b1] Die
schwarze Türme stehen in den offenen Linien gut.} 17. Bc1 $6 {Dieser Zug
scheiont mir etwas gekünstelt. Weiß möchte nicht 17.Rb1 spielen und verhindert
so das Eindringen des schwarzen Turmes auf b2.} (17. Rb1 $5) 17... Nf5 18. Nf4
(18. f4 c5) 18... Rb4 $11 {[%csl Gb4][%cal Gb4f4]} 19. Rfe1 (19. Ba3 Rb7 20.
Bxd6 Nxd6) 19... Qe7 20. Qc2 Rfb8 {[%cal Gb8b1]} 21. Ba3 R4b7 22. Bxd6 Qxd6 {
[%csl Rd4][%cal Rf5d4]} (22... Nxd6 23. Rb1) {[#]} 23. d5 (23. c5 Qe7 24. Qe2
Nc7 {[%cal Gc7d5]}) 23... cxd5 (23... Rb2 24. Qa4 (24. Qc3 cxd5 (24... Qc5 25.
Nfd3) 25. cxd5 Qc5 {Zugumstellung}) 24... cxd5 25. Qxd7 $14) 24. cxd5 Rb2 25.
Qc3 Qc5 {[%cal Rc5f2]} 26. Qxc5 Nxc5 {[%csl Gb2][%cal Gb2h2,Rb2a2] Der
schwarze Turm steht sehr aktiv auf b2, und das reduzierte Material macht das
Remis wahrscheinlich.} 27. dxe6 Nxe6 (27... dxe6 28. Nd7 Nxd7 29. Rxd7 Rxa2 30.
Nxe6 Re2 31. Kf1 (31. Rxe2 Rb1+ $19 {[%cal Rb1g1]}) 31... Rxe1+ 32. Kxe1 Re8
33. Rd8 Rxd8 34. Nxd8 {Schwarz steht etwas besser dank des entfernten
Freibauern.}) 28. Nh5 $6 {[%csl Gd1,Rd7,Ge5]} (28. Nxe6 dxe6 29. a3) 28... Nfd4
{[%csl Gb2,Gd4,Rh5]} 29. Nxd7 R8b5 {[%cal Rb5h5]} 30. Ng3 Rxa2 $15 {Schwarz
hat einen gefährlichen entfernten Freibauern auf a7, aber z.B. im Turmendspiel
kann Weiß die Stellung leicht Remis halten.} 31. h4 Rbb2 {[%csl Ga2,Gb2][%cal
Ra2g2]} 32. Ne4 Re2 $6 {Schwarz gibt seinen kleinen Vorteil auf.} (32... h6) (
32... Nc2 $15) 33. Rxe2 Rxe2 34. Ndc5 $11 a5 35. Ra1 Nxc5 36. Nxc5 Nc6 {
Schwarz hat gewissen Vorteil. Sein Turm steht aktiv und auch der Freibauer ist
nicht ungefährlich.} 37. Nb3 Re5 38. Rc1 a4 (38... Rb5 39. Rxc6 Rxb3 $11) (
38... Re6) 39. Rxc6 axb3 40. Rb6 {Hecht: '[#] '} Re1+ (40... h6 41. Rxb3 Kf7
$14 {Das ist trotz des weißen Mehrbauern eine theoretische Remisstellung.}) (
40... h5 $11 {Hecht Die Degradierung des Turms als Bewacher des unwichtigen
b-Bauern stellt den Turm passiv und damit schlecht auf. Eine Gewinnchance hat
Schwarz sowieso nicht.}) 41. Kh2 Rb1 {'?!' Hecht.} 42. Rb7 h6 (42... h5 $142 {
Hecht}) 43. h5 b2 $6 {Jetzt kann Schwarz den Turm nicht mehr bewegen.} (43...
Kh7) 44. g4 Kf8 (44... Rf1 45. Rxb2 Kf7 46. Kg2 Ra1 $14) 45. Kg2 Ke8 46. Kf3 (
46. Rxg7 $4 Rc1 $19) 46... Kf8 (46... Kd8 47. Kf4 Kc8 (47... Rf1 48. Rxb2) 48.
Rb3 {und der schwarze König hat sich zu weit vom Königsflügel entfernt.}) 47.
Kf4 Kg8 48. Kf5 Kf8 (48... Ra1 $5 49. Rxb2 Ra5+ 50. Ke6 $14 (50. Kg6 Rg5#)) (
48... Kh7 $14 49. Rb8 Ra1 50. Rxb2 Ra5+) 49. Rb8+ (49. f4) (49. Kg6 Rg1 50.
Rxb2 Rxg4+) 49... Kf7 50. Rb3 (50. f3 $2 Rf1 51. Rb7+ Kf8 52. Rxb2 Rxf3+ $11)
50... Ke7 (50... Kf8) 51. f3 Rf1 (51... Kf7 52. Rb7+ Kf8 53. Kg6 (53. Kg6 {
Hecht} Rf1 54. Rb8+ Ke7 55. Rxb2 Rxf3 56. Kxg7 Rf4 (56... Rg3 57. Rb4 {[%csl
Rh6]}) 57. g5 hxg5 58. Re2+ Kd7 59. h6 $18)) 52. Rxb2 Rxf3+ 53. Kg6 Rf4 (53...
Rf7 54. Rb7+) 54. Rb7+ (54. Kxg7 Rxg4+ 55. Kxh6 Kf7 {'=' Hecht.}) (54. g5 {
Hecht} Rg4 55. Rb5 Rxg5+ 56. Rxg5 hxg5 57. Kxg7 $2 g4 58. h6 g3 59. h7 g2 60.
h8=Q g1=Q+ $19 {Polerios Eckenspiel!}) 54... Kf8 {'?' Hecht.} (54... Ke6 55.
Rxg7 (55. g5 Rg4 56. Rb6+ Ke7 57. Kxg7 Rxg5+ 58. Kxh6 Rg1 59. Rg6 Rh1 60. Rg5
Kf7 $11) 55... Rxg4+ 56. Kxh6 (56. Kxh6 {Hecht} Ra4 $11)) 55. g5 $1 $16 {
Zwar ist das Material reduziert, aber Weiß entfaltet eine starke Initiative.
Seine Figuren stehen sehr aktiv.} Rg4 (55... hxg5 56. Rb8+ Ke7 57. Kxg7 Rf7+
58. Kg8 Rf6 59. Rb7+ Ke8 (59... Ke6 60. Rb6+) 60. Kg7 $18) 56. Rf7+ Ke8 (56...
Kg8 57. Rxg7+ Kh8 58. Kxh6 $18) 57. Rf5 {'+-' Hecht. Hecht: 'Jetzt steht der
schwarze König ungünstig auf der 8.Reihe, so daß Txg5 wie sonst nicht mehr
geht. Der h-Bauer würde mit Schach einziehen! Kleiner Unterschied - große
Wirkung!'} Rh4 58. Kxg7 Rxh5 59. Rf8+ Ke7 60. g6 (60. gxh6 Rg5+ (60... Rxh6)
61. Kh8 Kxf8 62. h7 $11) 60... Rg5 61. Rf3 $18 {[%cal Rf3e3,Re3e7]} h5 (61...
Re5 62. Kh7) 62. Re3+ Kd7 63. Kh6 {Und Schwarz gab in hoffnungloser Stellung
auf.} (63. Kh6 Rg1 64. g7 (64. Re5 h4 65. Rg5 Rxg5 66. Kxg5 h3 67. g7 h2) 64...
h4 65. Kh7 $18) (63. Kh7) 1-0

[Event "Wch Blitz 9th"]
[Site "Berlin"]
[Date "2015.10.14"]
[Round "19"]
[White "Agrest, Evgenij"]
[Black "Antipov, Mikhail Al"]
[Result "0-1"]
[WhiteElo "2596"]
[BlackElo "2569"]
[Annotator "Schulz,Andre"]
[PlyCount "36"]
[EventDate "2015.10.13"]
[EventType "swiss (blitz)"]
[EventRounds "21"]
[EventCountry "GER"]
[SourceTitle "CBM 168 Extra"]
[Source "ChessBase"]
[SourceDate "2015.10.29"]
[SourceVersion "1"]
[SourceVersionDate "2015.10.29"]
[SourceQuality "1"]

1. c4 b6 2. Nc3 Bb7 3. e4 e6 4. Nf3 Bb4 5. Bd3 Ne7 6. Qc2 Ng6 7. Ne2 Nc6 8. a3
Bd6 9. O-O Qf6 10. Ng3 Nf4 11. Re1 h5 {Der Führer der schwarzen Steine,
Junioren-Weltmeister Antipov, offenbart eine aggressive Grundhaltung.
Tatsächlich hat sich Weiß auch einen Knoten in seine Stellung gespielt.} 12.
h4 Nh3+ $1 $19 13. Kf1 Nd4 14. Qd1 (14. Nxd4 Qxf2#) 14... Bc5 ({Gut war auch} 
14... Nxf2 15. Kxf2 Nxf3 16. Qxf3 Qxh4 $19) ({oder} 14... Nxf3 15. Qxf3 Qxf3
16. gxf3 Bc5 $19) 15. e5 Nxf3 16. gxf3 Qxh4 17. Be4 Nxf2 18. Qe2 Qh3+ (18...
Qh3+ 19. Kg1 Qxg3+ 20. Kf1 Qh3+ 21. Kg1 Qh1#) 0-1

[Event "Moscow Aeroflot op-A 15th"]
[Site "Moscow"]
[Date "2016.03.01"]
[Round "1"]
[White "Potkin, Vladimir"]
[Black "Wei, Yi"]
[Result "1-0"]
[WhiteElo "2585"]
[BlackElo "2714"]
[Annotator "Schulz,Andre"]
[PlyCount "49"]
[EventDate "2016.03.01"]
[EventType "swiss"]
[EventRounds "9"]
[EventCountry "RUS"]
[SourceTitle "CBM 171"]
[Source "ChessBase"]
[SourceDate "2016.03.14"]
[SourceVersion "2"]
[SourceVersionDate "2016.03.14"]
[SourceQuality "1"]

1. c4 g6 2. e4 e5 {Um den geplant weißen Aufmarsch im Zentrum zu stören.} (
2... Bg7 3. d4 d6 4. Nc3 Nf6 {ergäbe die Königsindische Verteidigung.}) 3. d4
Nf6 (3... exd4 4. Qxd4 Nf6 5. Bg5 Be7 {ist nicht im Sinne des Erfinders, auch
wenn Robatsch das mal überlebt hat.} 6. Nc3 h6 7. Be3 Nc6 8. Qd1 Bf8 9. f3 Bg7
10. Nh3 Nh5 11. Qd2 d6 12. Nf2 Be6 13. Be2 Ne5 14. b3 g5 15. Rc1 Nf4 16. O-O
Nxe2+ 17. Nxe2 b6 18. Nd4 Qd7 19. Nh1 Nc6 20. Ng3 Nxd4 21. Bxd4 Be5 22. Nh5
O-O-O 23. Nf6 Qe7 24. Nd5 Qf8 25. b4 c6 26. b5 cxd5 27. cxd5+ Kb7 28. dxe6 fxe6
29. Rc6 Qf4 30. Rd1 Qxh2+ 31. Kf1 {1/2-1/2 (31) Polugaevsky,L-Robatsch,K Palma
de Mallorca 1972}) ({Spielbar ist auch} 3... d6) 4. Nf3 exd4 (4... Bb4+ {
kam auch einige Male vor.}) (4... Nxe4 {fand wenig Nachfolger:} 5. Bd3 d5 6.
O-O Nd6 7. dxe5 Nxc4 8. Bxc4 dxc4 9. Qa4+ c6 10. Rd1 Qc7 11. Qxc4 Be6 12. Qh4
Nd7 13. Nc3 Be7 14. Bg5 Bxg5 15. Qxg5 h6 16. Qe3 Qb6 17. Rd4 O-O-O 18. b4 Qc7
19. Rc1 Kb8 20. a4 Nb6 21. b5 Nd5 22. Nxd5 Bxd5 23. bxc6 Bxc6 24. Rxd8+ Rxd8
25. Nd4 Qd7 26. Rd1 Ka8 27. Rd2 b6 28. a5 Re8 29. axb6 Bb7 30. h3 g5 31. Qa3 a6
32. Qd6 Qa4 33. e6 Qa1+ 34. Kh2 Qf1 35. f3 Qc4 36. e7 Qc8 37. Rc2 Qb8 38. Rc7 {
1-0 (38) Portisch,L (2630)-Timman,J (2585) Buenos Aires 1978}) 5. e5 Ne4 6.
Qxd4 Bb4+ 7. Kd1 {Gibt das Rochaderecht auf, um die Spannung
aufrechtzuerhalten.} (7. Nbd2 Nxd2 8. Bxd2 Nc6 9. Qf4 Bxd2+ 10. Qxd2 Qe7 11.
O-O-O b6 12. Bd3 Bb7 13. Be4 O-O-O 14. Rhe1 f6 15. exf6 Qxf6 16. Qg5 Qg7 17. h4
Rhe8 18. h5 Nb4 19. Bxb7+ Kxb7 20. Rxe8 Rxe8 21. Qd2 Nc6 22. Qxd7 Qh6+ 23. Rd2
Rd8 24. Qg4 gxh5 25. Qg5 Qxg5 26. Nxg5 Rg8 27. f4 h4 28. Nxh7 Ne7 29. Rf2 Nf5
30. Ng5 Rd8 31. b3 Rd3 32. Nf3 Re3 33. Kd2 Re4 34. Ng5 Re3 35. Rf3 Re7 36. Rd3
a5 37. Rd5 Ne3 {0-1 (37) Svidler,P (2753)-Carlsen,M (2881) Flor & Fjaere 2014})
7... f5 8. exf6 Nxf6 {Das sieht alles sehr wild aus, ist aber noch bekannt.} 9.
Qh4 {Das ist ein neuer Zug.} (9. Bh6 Qe7 10. Bd3 Nc6 11. Qh4 d5 12. a3 Ng4 13.
Bg5 Qd6 14. Kc1 Bc5 15. Re1+ {1/2-1/2 (15) Nabaty,T (2590)-Fier,A (2601)
Skopje 2015}) 9... d5 10. Bg5 Be7 11. cxd5 Nxd5 {Nun wird es aber noch wilder:}
(11... c6 $5 12. Nc3 O-O) 12. Bc4 $1 {Schwarz hat nun zwei
Abzugs-Doppelschachs, die aber beide zu nichts führen:} Nc6 (12... Nc3+ $2 13.
Kc1 Nxb1 14. Bxe7) (12... Ne3+ $2 13. Kc1 Nxc4 14. Re1 Nc6 15. Qxc4) 13. Bxd5
Be6 $6 {Der Ld5 ist gefesselt.} ({Besser scheint aber} 13... Qxd5+ 14. Nbd2
Bxg5 15. Qxg5 Qxg5 16. Nxg5 $15) 14. Bxe7 Nxe7 15. Re1 Bxd5 {Beide Könige
hängen in der Mitte fest.} (15... Qxd5+ $5 16. Nbd2 $14) 16. Kc2 Qd7 (16...
Bxf3 $5 17. gxf3 Kf7) 17. Nc3 Qf5+ $2 ({Anders herum war es besser:} 17... Bxf3
18. gxf3 Qf5+ 19. Re4 (19. Kc1 Qc5 $11) 19... g5 20. Qh5+ Kf8 21. h4 {Nicht
schön, aber Schwarz kann noch kämpfen.}) 18. Kc1 O-O-O {Es gab keine Zug
mehr, der das Matt deckt und Materialverlust vermeidet.} (18... Qf7 19. Nxd5
$18) 19. Rxe7 Bxf3 20. gxf3 Qxf3 21. Qg3 Qc6 22. Kc2 Rd6 23. Rae1 Rhd8 24. R1e2
a5 25. Qe5 1-0

[Event "Interpolis"]
[Site "Tilburg"]
[Date "1992.10.19"]
[Round "4.3"]
[White "Vyzmanavin, Alexey"]
[Black "Nikolic, Predrag"]
[Result "0-1"]
[WhiteElo "2580"]
[BlackElo "2625"]
[Annotator "Schussler,H"]
[PlyCount "68"]
[EventDate "1992.10.08"]
[EventType "k.o."]
[EventRounds "7"]
[EventCountry "NED"]
[SourceTitle "CBM 032"]
[Source "ChessBase"]
[SourceDate "1993.02.01"]
[SourceVersion "1"]
[SourceVersionDate "1993.02.01"]
[SourceQuality "1"]

{Barrage 30'} 1. d4 f5 2. Nf3 Nf6 3. c4 e6 4. Nc3 {4.g3 is considered more
crusial.} Bb4 5. Qb3 a5 6. g3 b6 7. Bg2 Bb7 8. O-O O-O 9. Rd1 (9. Bg5 Bxc3 10.
Qxc3 h6 11. Bxf6 Qxf6 12. Rac1 d6 13. c5 bxc5 14. dxc5 Qxc3 15. Rxc3 Bxf3 $1
16. Bxf3 d5 17. c6 Ra6 $15 {Vyzmanavin,A-Nikolic,Pr (1), Tilburg 1992. CBM 32
game 954.}) 9... Bxc3 10. bxc3 $6 {10.Qxc3 =} Be4 11. Ba3 Re8 12. c5 a4 13. Qb2
bxc5 14. Bxc5 Qc8 15. c4 Qa6 $15 16. Ba3 Qxc4 {16. - Nc6!?} 17. Rac1 Qa6 18.
Rxc7 Nd5 19. Rcc1 Nc6 20. Bf1 $1 $10 Rab8 21. Qd2 Bxf3 $6 {21. - Nf6 =} 22.
exf3 Qa8 23. Rc5 Rec8 24. Rdc1 Rb6 25. Bc4 d6 26. Bxd5 exd5 27. Rxd5 $2 Ne7 $1
28. Rxc8+ Qxc8 29. Rxd6 Rb1+ 30. Kg2 Qc4 $1 $19 31. Kh3 Rh1 32. Qe3 Qf1+ 33.
Kh4 h6 34. g4 Qg2 0-1

[Event "WchT 3rd"]
[Site "Luzern"]
[Date "1993.??.??"]
[Round "3.1"]
[White "Serper, Grigory"]
[Black "Yermolinsky, Alex"]
[Result "1/2-1/2"]
[WhiteElo "2575"]
[BlackElo "2605"]
[Annotator "Serper,G"]
[PlyCount "82"]
[EventDate "1993.10.24"]
[EventType "team-tourn"]
[EventRounds "9"]
[EventCountry "SUI"]
[SourceTitle "CBM 039"]
[Source "ChessBase"]
[SourceDate "1994.04.01"]
[SourceVersion "1"]
[SourceVersionDate "1994.04.01"]
[SourceQuality "1"]
[WhiteTeam "Uzbekistan"]
[BlackTeam "US of America"]
[WhiteTeamCountry "UZB"]
[BlackTeamCountry "USA"]

1. c4 b6 $6 2. e4 (2. d4 e6 3. e4 Bb7 4. d5 $5 Nf6 5. Bd3 b5 $6 6. cxb5 (6. b3
$2 Bc5 7. Nf3 Ng4 $1 {/\ Qf6-/+}) 6... exd5 7. e5 Ne4 8. Nf3 a6 9. O-O axb5 10.
Bxb5 Bc5 11. Nc3 O-O (11... Nxc3 $6 12. bxc3 $16 {->>>}) 12. Bf4 (12. Nxd5 $4
c6 $19) 12... f6 13. exf6 Qxf6 14. Bxc7 $2 (14. Nxd5 $1 Qxb2 15. Bc4 Nxf2 $2
16. Ne3+ $1 Kh8 17. Rxf2 $18) 14... d6 $1 $13 {Serper,G-Hodgson,J/Groningen/
1993/}) 2... Bb7 3. Nc3 e6 4. Nf3 Bb4 5. Qb3 $6 (5. Bd3 $5) 5... Na6 $1 6. Be2
(6. a3 $6 Nc5 $1 7. Qxb4 $140 $4 a5 8. Qb5 Bc6 $19) 6... Ne7 7. O-O O-O 8. d3 (
8. e5 $6 Nf5 {xd4}) 8... Ng6 (8... f5 $5 9. e5 f4 $13) 9. Bd2 d6 10. a3 (10.
Qc2) 10... Nc5 $1 11. Qc2 Bxc3 12. Bxc3 f5 $1 $15 13. exf5 Rxf5 14. d4 $8 Ne4
15. Bd3 Ng5 16. Nxg5 Qxg5 (16... Rxg5 $6 17. d5 $1 (17. Be4 $6 d5 $1 $15) 17...
e5 (17... exd5 18. f4 $1) 18. Bxg6 Rxg6 19. f4 $16) 17. Be4 Bxe4 18. Qxe4 Re8
19. Rae1 Nf4 (19... Nh4 $2 20. f4) 20. g3 d5 21. cxd5 Nxd5 22. f4 Qg4 23. Bd2
h5 24. Qf3 $6 (24. Kg2) 24... Qxf3 25. Rxf3 g5 $1 26. Rf2 g4 27. Rfe2 Kf7 28.
Rc1 Rh8 $2 (28... Ke7 {/\ Kd7-/+}) 29. Rc6 $1 Re8 30. Kg2 Re7 31. Re1 a5 32. b4
$138 axb4 33. axb4 Nf6 34. Re5 $1 Rxe5 35. dxe5 Ne4 $6 (35... Nd5) 36. Be1 $1 {
x Ne4} Kg6 37. Kf1 Kf5 38. Ke2 Rd7 39. Ke3 Rd1 40. Ke2 Rd7 41. Ke3 Rd1 (41...
h4 $5 42. gxh4 (42. Rc4 $2 Rd1) 42... Rd1 43. Bg3 Rb1 44. Rxc7 Rb3+ 45. Ke2
Nxg3+ 46. hxg3 Rxg3 47. Rb7 $15) 1/2-1/2

[Event "Olympiad-32"]
[Site "Yerevan"]
[Date "1996.09.27"]
[Round "11.1"]
[White "Petursson, Margeir"]
[Black "Jussupow, Artur"]
[Result "1/2-1/2"]
[WhiteElo "2570"]
[BlackElo "2665"]
[Annotator "Shipov,S"]
[PlyCount "97"]
[EventDate "1996.09.15"]
[EventType "team-swiss"]
[EventRounds "14"]
[EventCountry "ARM"]
[SourceTitle "CBM 055"]
[Source "ChessBase"]
[SourceDate "1996.12.01"]
[SourceVersion "1"]
[SourceVersionDate "1996.12.01"]
[SourceQuality "1"]
[WhiteTeam "Iceland"]
[BlackTeam "Germany"]
[WhiteTeamCountry "ISL"]
[BlackTeamCountry "GER"]

1. c4 f5 2. g3 Nf6 3. Bg2 e6 4. Nf3 c6 5. O-O d5 6. d3 Bc5 (6... Be7 7. b3 O-O
8. Bb2 Ng4 $5 9. h3 Nh6 10. Nbd2 Nd7 11. e4 dxe4 12. dxe4 Nc5 13. Qe2 Qd3 14.
Rfe1 f4 15. Ne5 Qxe2 16. Rxe2 fxg3 17. fxg3 a5 $10 {Makarov,M-Moskalenko,V/
Podolsk/1990/0,5/28/}) 7. b3 (7. Qc2 Nbd7 8. cxd5 cxd5 9. Nc3 O-O 10. Bf4 Qe7
11. Na4 Bd6 12. Bxd6 Qxd6 13. Rfc1 $14 {Makarov,M-Arnold,L/Capelle la Grande/
1996/1:0/38/}) 7... Qe7 8. Bb2 Nbd7 9. Nbd2 O-O 10. Qc2 Ng4 (10... a5 11. e4
dxe4 12. dxe4 f4 13. e5 Ng4 14. Ne4 fxg3 15. hxg3 Qf7 16. Qe2 Be7 $2 (16... Qh5
$14) 17. Nfg5 Qf5 18. Bh3 $16 {Serper,G-Lauvsnes,A/Gausdal/1991/1:0/38/}) 11.
e4 dxe4 12. dxe4 f4 $1 13. e5 $1 fxg3 14. hxg3 Qf7 15. Rae1 Qh5 16. Bc3 $14 {
() /} (16. Ne4 $2 Rxf3) 16... b6 (16... a5 $5) 17. b4 $2 (17. Re4 $1 {/\ Qd1!
>< Ng4/}) 17... Be7 18. Re4 (18. Qd3 c5 $1 19. b5 Bb7 $3 $17) 18... Bb7 (18...
c5 $2 19. Rxg4 $1 cxb4 20. Bb2 Qxg4 21. Nh2 $18) 19. c5 $5 Rf7 $2 (19... bxc5
$1 {/\ /} 20. Qb3 (20. bxc5 Nxc5 21. Rd4 Rf5 $1 $17) 20... Qg6 21. Bh3 h5 $36)
20. Qd1 $1 Nh6 (20... bxc5 21. Nh4 cxb4 22. Rxg4 bxc3 23. Rxg7+ $16) 21. Nc4
$16 Rd8 22. Nd6 (22. Nd4 Qg6 23. Nd6 Bxd6 24. exd6 e5 25. Nb3 Ba6 26. Rfe1 Rdf8
$132) 22... Bxd6 23. Rh4 $2 (23. exd6 $1 bxc5 24. Ne5 Qxd1 25. Rxd1 Nxe5 26.
Bxe5 $16 {^^,o^ d6/}) 23... Qf5 24. Nd4 (24. exd6 bxc5 $13) 24... Qxe5 $1 25.
Nb5 (25. Nxc6 Qxc3 26. Nxd8 Bxg2 27. Qxd6 (27. Nxf7 Nxf7 28. Kxg2 bxc5 $15)
27... Rf8 $1 $15) 25... cxb5 $8 26. Bxe5 Bxg2 27. Kxg2 Bxe5 28. c6 Bf6 $1 29.
Rxh6 $1 Ne5 $1 30. Rxf6 $1 Rxd1 31. Rxf7 Rxf1 32. Rxa7 Nxc6 (32... Rxf2+ $2 33.
Kxf2 Nxc6 34. Ra8+ Kf7 35. a3 $16) 33. Ra8+ Kf7 34. Kxf1 Nxb4 $10 35. Ke2 h5
36. Ke3 Kf6 37. Ke4 Nd5 38. Kd4 g6 39. Rf8+ Ke7 40. Rf3 Kd6 41. a3 b4 42. axb4
Nxb4 43. Rf8 Ke7 44. Ra8 Kf6 45. Ke4 Nd5 46. Rf8+ Ke7 47. Rb8 Kf6 48. Kd4 Kf5
49. f3 1/2-1/2

[Event "Bonn GSK"]
[Site "Bonn"]
[Date "1993.??.??"]
[Round "?"]
[White "Sieglen, Joachim"]
[Black "Luetke, Jens"]
[Result "1-0"]
[WhiteElo "2365"]
[BlackElo "2335"]
[Annotator "Sieglen,J"]
[PlyCount "31"]
[EventDate "1993.??.??"]
[EventType "tourn"]
[EventRounds "9"]
[EventCountry "GER"]
[EventCategory "8"]
[SourceTitle "CBM 034"]
[Source "ChessBase"]
[SourceDate "1993.06.01"]
[SourceVersion "1"]
[SourceVersionDate "1993.06.01"]
[SourceQuality "1"]

1. c4 e6 2. g3 f5 3. Bg2 Nf6 4. Nf3 c6 $2 5. O-O Be7 6. Nc3 O-O 7. d3 d5 8. e4
$1 d4 (8... dxc4 9. dxc4 Na6 $16) 9. Ne2 fxe4 10. dxe4 c5 11. e5 Ne8 (11...
Nfd7 12. Nf4) 12. Nf4 g6 13. Nd3 a5 14. h4 Ng7 15. Bg5 Ra7 (15... Nd7) 16. Nxc5
1-0